| 000 | 00551nam a22001817a 4500 | ||
|---|---|---|---|
| 999 |
_c163323 _d163323 |
||
| 005 | 20190410115900.0 | ||
| 010 | _aENG-125035 | ||
| 020 |
_a9788192557533 _c485.00 |
||
| 035 | _aEN-108567 | ||
| 037 | _bDBAD/PUB | ||
| 082 | _a910 | ||
| 100 | _aJha, Pushpa | ||
| 245 |
_aMonuments and sites in Andaman Nicobar Islands/ _cby Pushpa Jha |
||
| 260 |
_aNew Delhi _bAryan Prakashan _c2015 |
||
| 270 |
_aH-1/48 Bengali Colony, Mahaveer Enclave (Palam) _bNew Delhi _e110045 |
||
| 300 |
_av; 152p. _c23(Hbk) |
||
| 942 |
_2ddc _cEN _h910 _mJHA |
||